Automatted Home System Using Das with GSM Support (Record no. 190673)
[ view plain ]
| 000 -LEADER | |
|---|---|
| fixed length control field | 00470 a2200157 4500 |
| 003 - CONTROL NUMBER IDENTIFIER | |
| control field | Nust |
| 005 - DATE AND TIME OF LATEST TRANSACTION | |
| control field | 20170207153949.0 |
| 040 ## - CATALOGING SOURCE | |
| Transcribing agency | Nust |
| 082 ## - DEWEY DECIMAL CLASSIFICATION NUMBER | |
| Classification number | 621.382 |
| 100 ## - MAIN ENTRY--PERSONAL NAME | |
| Personal name | Muhammad Irfan ,Taimur Khan , Abdul Saboor TE-45 |
| 245 ## - TITLE STATEMENT | |
| Title | Automatted Home System Using Das with GSM Support |
| Statement of responsibility, etc. | Muhammad Irfan,Taimur Khan, Abdul Saboor TE-45 |
| 260 ## - PUBLICATION, DISTRIBUTION, ETC. | |
| Place of publication, distribution, etc. | MCS ,Rawalpindi |
| Name of publisher, distributor, etc. | MCS , NUST |
| Date of publication, distribution, etc. | 2012 |
| 300 ## - PHYSICAL DESCRIPTION | |
| Extent | x , 68 |
| 538 ## - SYSTEM DETAILS NOTE | |
| System details note | Almirah No.71 Shelf No.2 |
| 650 ## - SUBJECT ADDED ENTRY--TOPICAL TERM | |
| Topical term or geographic name entry element | Automatted Home System |
| 942 ## - ADDED ENTRY ELEMENTS (KOHA) | |
| Koha item type | |
| Withdrawn status | Lost status | Source of classification or shelving scheme | Damaged status | Not for loan | Collection code | Permanent Location | Current Location | Date acquired | Total Checkouts | Full call number | Barcode | Date last seen | Price effective from | Koha item type |
|---|---|---|---|---|---|---|---|---|---|---|---|---|---|---|
| Military College of Signals (MCS) | Military College of Signals (MCS) | 12/12/2016 | 621.382 IRF | MCSPTE 428 | 12/08/2016 | 12/12/2016 | Book |
